Development briefs (Record no. 93258)
[ view plain ]
| 000 -LEADER | |
|---|---|
| fixed length control field | 01102cam a2200265 4500 |
| 008 - FIXED-LENGTH DATA ELEMENTS--GENERAL INFORMATION | |
| fixed length control field | 090401t1991 xxu||||| |||| 00| 0 eng d |
| 020 ## - INTERNATIONAL STANDARD BOOK NUMBER | |
| International Standard Book Number | 0854064982 |
| 035 ## - SYSTEM CONTROL NUMBER | |
| System control number | (Sirsi) u53367 |
| 041 0# - LANGUAGE CODE | |
| Language code of text/sound track or separate title | eng |
| 050 04 - LIBRARY OF CONGRESS CALL NUMBER | |
| Classification number | 711.1 $2 18 |
| 090 ## - LOCALLY ASSIGNED LC-TYPE CALL NUMBER (OCLC); LOCAL CALL NUMBER (RLIN) | |
| Classification number (OCLC) (R) ; Classification number, CALL (RLIN) (NR) | RICS 1991/52ABCD |
| 110 2# - MAIN ENTRY--CORPORATE NAME | |
| Corporate name or jurisdiction name as entry element | Royal Institution of Chartered Surveyors |
| Subordinate unit | Planning and Development Division |
| 9 (RLIN) | 956 |
| 245 00 - TITLE STATEMENT | |
| Title | Development briefs |
| 250 ## - EDITION STATEMENT | |
| Edition statement | 2nd |
| 260 ## - PUBLICATION, DISTRIBUTION, ETC. | |
| Place of publication, distribution, etc. | London |
| Name of publisher, distributor, etc. | RICS |
| Date of publication, distribution, etc. | 1991 |
| 300 ## - PHYSICAL DESCRIPTION | |
| Extent | 7p. |
| Dimensions | 30cm |
| 490 #0 - SERIES STATEMENT | |
| Series statement | RICS Planning and Development Guidance Note |
| Volume/sequential designation | 11 |
| 520 ## - SUMMARY, ETC. | |
| Summary, etc. | Aims to help non-expert practitioner with planning procedure, providing accurate information in a simple, jargon free style. Helps to identify the most appropriate type of brief to be supplied to the parties and the information that should be included. |
| 520 ## - SUMMARY, ETC. | |
| Summary, etc. | Withdrawn 1 August 2006. Supersedes first edition "Development briefs : their preparation and use in land disposal and partnership" (D15308). |
| 651 #4 - SUBJECT ADDED ENTRY--GEOGRAPHIC NAME | |
| Geographic name | England and Wales |
| Chronological subdivision | 1543- |
| 690 ## - LOCAL SUBJECT ADDED ENTRY--TOPICAL TERM (OCLC, RLIN) | |
| Topical term or geographic name as entry element | Planning and development |
| 9 (RLIN) | 6259 |
| 942 ## - ADDED ENTRY ELEMENTS (KOHA) | |
| Suppress in OPAC | 0 |
| 948 ## - LOCAL PROCESSING INFORMATION (OCLC); SERIES PART DESIGNATOR (RLIN) | |
| c (OCLC) | 04/03/1997 |
| Withdrawn status | Lost status | Source of classification or shelving scheme | Damaged status | Not for loan | Home library | Current library | Shelving location | Date acquired | Total Checkouts | Full call number | Barcode | Date last seen | Copy number | Price effective from | Koha item type | Date last checked out |
|---|---|---|---|---|---|---|---|---|---|---|---|---|---|---|---|---|
| Dewey Decimal Classification | London | London | RICS Boxes | 09/04/1992 | RICS 1991/52 | 30032474 | 06/08/2019 | 1 | 06/08/2019 | Archive | ||||||
| Dewey Decimal Classification | London | London | RICS Boxes | 09/04/1992 | RICS 1991/52 | 30032475 | 06/08/2019 | 2 | 06/08/2019 | Reference material | ||||||
| Dewey Decimal Classification | London | London | RICS Boxes | 09/04/1992 | 6 | RICS 1991/52 | 30032477 | 06/08/2019 | 3 | 06/08/2019 | Book | 18/08/2006 | ||||
| Dewey Decimal Classification | London | London | RICS Boxes | 17/11/1999 | 14 | RICS 1991/52 | 30032476 | 06/08/2019 | 4 | 06/08/2019 | Book | 24/07/2007 |